000 00758cam a2200265 4500
001 J103234
008 000000n1956 000 0 eng u
035 _a(Sirsi) u103234
041 _aeng
050 _a693.54
_c18
100 _aHamilton, S.B.
245 2 _aA note on the history of reinforced concrete in buildings
260 _aLondon
_bHMSO
_c1956
300 _a30p.
_c25cm.
350 _a3s. 6d.
490 _aNational Building Studies Special Report
_v24
650 _aCONCRETE ARCHES
650 _aCONCRETE SHELL ROOFS
650 _aCONCRETE STRUCTURES
650 _aPRESTRESSED CONCRETE
650 _aREINFORCED CONCRETE
690 _aBUILT ENVIRONMENT-BUILDING MATERIALS
710 _aBuilding Research Station
_9203
942 _n0
999 _c100100
_d100100